| 000 | 01435nam a2200385 i 4500 | ||
|---|---|---|---|
| 003 | CO-BoRNBP | ||
| 005 | 20230411163911.0 | ||
| 007 | ta | ||
| 008 | 220207t2021 ck ||||| |||| 00| jdspa d | ||
| 020 | _a9789587534429 | ||
| 040 |
_aCO-BoRNBP _bspa _erda _cCO-BoRNBP |
||
| 041 | 0 | _aspa | |
| 043 | _as-ck--- | ||
| 082 | 0 | 4 |
_a860.8 _bM35b12 _223 |
| 245 | 0 | 3 |
_aLa M de las moscas _bHelena Araújo _cprólogo y edición Natalia Mejía E. ; transcripción David Espinosa ; traducción al portugués Ángela Cuartas ; corrección Gustavo Patiño Díaz |
| 250 | _aOctava edición | ||
| 264 | 1 |
_aBogotá, Colombia _bMinisterio de Cultura _c2021 |
|
| 264 | 4 | _c©2021 | |
| 300 |
_a259 páginas _c21 cm |
||
| 336 |
_atexto _btxt _2rdacontent |
||
| 337 |
_asin mediación _bn _2rdamedia |
||
| 338 |
_avolumen _bnc _2rdacarrier |
||
| 490 | 0 |
_aBiblioteca de Escritoras Colombianas _v12 |
|
| 490 | 0 | _aCuento | |
| 500 | _aIncluye datos biográficos de la autora | ||
| 600 | 1 | 4 |
_aAraújo, Helena _d1934-2015 _vBiografías _91142 |
| 650 | 1 | 7 |
_aCuentos colombianos _ySiglo XIX _2ARMARC _91127 |
| 650 | 1 | 7 |
_aLiteratura colombiana _ySiglo XIX _2ARMARC _91088 |
| 650 | 1 | 7 |
_aHumor en la literatura _ySiglo XIX _2ARMARC _91118 |
| 700 | 1 |
_aMejía E., Natalia _eprologuista _91097 |
|
| 700 | 1 |
_aEspinosa, David _etranscriptor _91131 |
|
| 700 | 1 |
_aCuartas, Ángela _etraductora _91143 |
|
| 700 | 1 |
_aPatiño Díaz, Gustavo _ecorrector _91110 |
|
| 942 |
_2ddc _cBK |
||
| 999 |
_c9370 _d9370 |
||